000 00696nam a22002057a 4500
999 _c3254
_d3254
003 AR-CdUCM
008 190306b ||||| |||| 00| 0 spa d
040 _aMUNICIPALIDAD PROVINCIAL DEL CUSCO
_cBIBLIOTECA MUNICIPAL DEL CUSCO
082 _a463 /
_bC32
100 _aCasares, Julio
_910866
245 _aNovedades en el diccionario académico :
_bLa Academia Española trabaja /
260 _aMadrid :
_bAguilar,
_c1963.
300 _a197 paginas ;
_c21 cm.
505 _aSerie de artículos publicados en el periódico ABC Cf. Advertencia Preliminar ...
650 _aCastellano
_97963
650 _aLexicología
_910867
650 _aDiccionario
_95196
942 _2ddc
_cLIBROS
945 _aacv